Hmotné podnecovanie pracovníkov na vytváraní a zavázaní novej techniky v sústave veda-technika-výroba čiastková úloha RVHP III.3.

Enregistré dans:
Détails bibliographiques
Auteur principal: Sekanina, Václav
Format: Livre
Langue:slovaque
Publié: Bratislava Československý výskumný ústav práce a sociálnych vecí 1978
Tags: Ajouter un tag
Pas de tags, Soyez le premier à ajouter un tag!

MARC

LEADER 00000nam a2200000 4500
001 0229875
005 20240822101705.7
041 0 |a slo 
044 |a SK 
245 1 0 |a Hmotné podnecovanie pracovníkov na vytváraní a zavázaní novej techniky v sústave veda-technika-výroba  |b čiastková úloha RVHP III.3.  |c Václav Sekanina 
264 1 |a Bratislava  |b Československý výskumný ústav práce a sociálnych vecí  |c 1978 
300 |a 88 s. 
100 1 |a Sekanina, Václav